00493nam a2200133Ia 4500008004100000082001900041100003000060245007900090260003600169300001000205942001200215999001900227952011300246210430s9999 xx 000 0 und d a001.422 W151 P aRonald E. Walpole 954838 aprobability and statistic for engineers and scientistscRonald E. Walpole  aIndiabDorling kindersleyc2007 a839 p cBK2ddc c565605d565605 001040708NFICaSCMEbSCMEcGENd0004-05-11l0o001.422 W151 PpSCME-3733 3733r2021-04-30w2021-04-30yBK